Sorte Extrema – Morte Súbita - Statistics

Estatísticas Gerais
  • Esse quiz foi jogado 200 vezes
  • A pontuação média é 2 de 50
Answers on the Grid
Answers color-coded by a green-red scale on the quiz's grid according to % correct below.
?
?
?
?
?
?
?
?
?
?
?
?
?
?
?
?
?
?
?
?
?
?
?
?
?
?
?
?
?
?
?
?
?
?
?
?
?
?
?
?
?
?
?
?
?
?
?
?
?
?
?
?
?
?
?
?
?
?
?
?
?
?
?
?
?
?
?
?
?
?
?
?
?
?
?
?
?
?
?
?
?
?
?
?
?
?
?
?
?
?
?
?
?
?
?
?
?
?
?
?
 
Estatísticas das Respostas
Resposta % Correto
?
10%
?
10%
?
10%
?
10%
?
10%
?
8%
?
8%
?
8%
?
8%
?
6%
?
6%
?
6%
?
6%
?
6%
?
6%
?
6%
?
6%
?
4%
?
4%
?
4%
?
4%
?
4%
?
4%
?
2%
?
2%
?
2%
?
2%
?
2%
?
2%
?
2%
?
2%
?
2%
?
2%
?
2%
?
2%
?
2%
?
2%
?
2%
?
2%
?
2%
?
2%
?
2%
?
2%
?
0%
?
0%
?
0%
?
0%
?
0%
?
0%
?
0%
Nenhum quiz correspondente encontrado
Distribuição das Pontuações
Porcentagem de Pessoas com Cada Pontuação
Percentil de Números Respondidos
Sua Pontuação Histórica
Você não jogou esse quiz